000 00978nam a2200277Ia 4500
003 OSt
005 20220923211446.0
006 a|||||r|||| 00| 0
007 ta
008 220922b |||||||| |||| 00| 0 hin d
020 _a978935064784 (hbk)
_c275
024 _a325,789
037 _b401, 13/03/2018, Eastern Book Linkers
_cTextual
040 _aARTS
_cARTS
_bhin
041 _2hin
_ahin
082 _aO1591,3NRO,SS, 152Q3
100 _aराय, प्रतिभा, ले.
245 0 _aसागर-स्वर
246 _aSāgara-svara
260 _aदिल्ली
_b राजपाल एण्ड सन्ज़
_c2013
300 _a199पृ.
_ccm.
650 _a उड़िया साहित्य
_9156264
650 _aउड़िया कहानी
942 _hO1591,3NRO,SS, 152Q3
_cTEXL
_2CC
999 _c299747
_d299747